[Event "XIV American Continental"]
[Site "Sao Paulo BRA"]
[Date "2019.07.07"]
[Round "3.66"]
[White "Carvalho, Felipe Lobo"]
[Black "Moro, Antonio Renato Pereira"]
[Result "1-0"]
[WhiteElo "2106"]
[BlackElo "1927"]
[EventDate "2019.07.05"]
[PlyCount "111"]
[EventRounds "11"]
[EventCountry "BRA"]

1.d4 Nf6 2.Bf4 d5 3.e3 c5 4.Nf3 e6 5.c3 Bd6 6.Bxd6 Qxd6 7.Ne5 Nc6 8.Bb5 
O-O 9.Bxc6 bxc6 10.Qa4 cxd4 11.exd4 c5 12.O-O Rb8 13.b3 Rb6 14.Nd2 Ra6 15.
Qb5 cxd4 16.cxd4 Rb6 17.Qc5 Ne4 18.Nxe4 dxe4 19.Rfc1 Ba6 20.Nc4 Bxc4 21.
Rxc4 Qf4 22.Qe5 Qg4 23.Re1 f5 24.h3 Qg6 25.Rc7 a6 26.Rec1 Qf6 27.Rd7 Qxe5 
28.dxe5 Kh8 29.Rcc7 Rg8 30.Rd6 Rb5 31.Rxe6 h6 32.Rf7 Ra5 33.Rxf5 Rxa2 34.
Rf4 Ra1+ 35.Kh2 Re1 36.Rxa6 e3 37.f3 Rb1 38.Re4 Rxb3 39.Ra2 Re8 40.Re2 g5 
41.R2xe3 Rb5 42.Kg3 Kg7 43.h4 Kg6 44.hxg5 hxg5 45.Kg4 Re6 46.g3 Rb8 47.f4 
Rf8 48.Rf3 Rf5 49.Rf1 Re7 50.Rh1 gxf4 51.gxf4 Rf8 52.Rh5 Ref7 53.Rg5+ Kh6 
54.f5 Ra7 55.Rg6+ Kh7 56.Kg5 1-0

[Event "XIV American Continental"]
[Site "Sao Paulo BRA"]
[Date "2019.07.07"]
[Round "3.67"]
[White "Labussiere, Yago"]
[Black "Correa, Jose Augusto"]
[Result "1-0"]
[WhiteElo "2101"]
[BlackElo "1911"]
[EventDate "2019.07.05"]
[PlyCount "117"]
[EventRounds "11"]
[EventCountry "BRA"]

1.d4 d5 2.c4 e6 3.Nc3 Nf6 4.cxd5 exd5 5.Bg5 Be7 6.e3 O-O 7.Bd3 Nbd7 8.f3 
Re8 9.Nge2 h6 10.Bh4 Ne4 11.Bxe7 Nxc3 12.Bxd8 Nxd1 13.Bxc7 Nxb2 14.Kd2 
Nxd3 15.Kxd3 b6 16.Kd2 Ba6 17.Nc3 Rac8 18.Bg3 Rxc3 19.Kxc3 Rxe3+ 20.Kc2 
Re2+ 21.Kc3 Re3+ 22.Kb2 Re2+ 23.Ka3 Re3+ 24.Ka4 Bc4 25.Rhe1 b5+ 26.Kb4 Rd3
27.Red1 Re3 28.Bf4 Re2 29.Rd2 Re6 30.a4 Ra6 31.a5 Re6 32.Rc1 g5 33.Bg3 Re3
34.Rc3 Re6 35.Ra3 a6 36.Rc3 f5 37.Rc1 f4 38.Re1 Re3 39.Rxe3 fxe3 40.Rd1 e2
41.Rh1 Nf6 42.Kc5 Nh5 43.Be5 Nf4 44.Bxf4 gxf4 45.g4 Kf7 46.h4 Kf6 47.Re1 
Ke6 48.Kb4 Kf6 49.Kc5 Ke6 50.Rg1 Kf6 51.Rh1 Kg6 52.Kb4 Kf6 53.Kc3 Kg6 54.
Rb1 Kf6 55.Kd2 Ba2 56.Rxb5 Bc4 57.Rb6+ Kg7 58.Re6 Kh7 59.Rf6 1-0

[Event "XIV American Continental"]
[Site "Sao Paulo BRA"]
[Date "2019.07.07"]
[Round "3.68"]
[White "Palacio, Igor da Paz"]
[Black "Moyses Sobrinho, Elias"]
[Result "1-0"]
[WhiteElo "2098"]
[BlackElo "1906"]
[EventDate "2019.07.05"]
[PlyCount "87"]
[EventRounds "11"]
[EventCountry "BRA"]

1.Nf3 d5 2.g3 Nf6 3.Bg2 Bf5 4.d3 h6 5.Nbd2 e6 6.O-O Bc5 7.a3 Nbd7 8.b4 Bd6
9.c4 c5 10.cxd5 exd5 11.e4 dxe4 12.dxe4 Be6 13.Bb2 Be7 14.e5 Nd5 15.Ne4 
O-O 16.bxc5 Nxc5 17.Nd4 Nxe4 18.Nxe6 fxe6 19.Bxe4 Bc5 20.Bd4 Rc8 21.Bxc5 
Rxc5 22.Qg4 Qe8 23.Rac1 Rc6 24.Bg6 Qc8 25.Rcd1 Qc7 26.Rde1 Qe7 27.Be4 Qf7 
28.Bb1 g5 29.Be4 Qg7 30.Bxd5 exd5 31.Qd4 Qd7 32.Rd1 Ra6 33.Rfe1 Rd8 34.Rd3
Ra4 35.Qc3 Rc4 36.Qb3 b5 37.e6 Qc6 38.Qd1 Rc5 39.Qh5 Qe8 40.Qxh6 d4 41.e7 
Rd7 42.Re6 Rc1+ 43.Kg2 Qa8+ 44.Rf3 1-0

[Event "XIV American Continental"]
[Site "Sao Paulo BRA"]
[Date "2019.07.07"]
[Round "3.69"]
[White "Passos, Rafael Moreira"]
[Black "Souza, Wellington"]
[Result "1-0"]
[WhiteElo "1808"]
[BlackElo "2097"]
[EventDate "2019.07.05"]
[PlyCount "63"]
[EventRounds "11"]
[EventCountry "BRA"]

1.d4 Nf6 2.c4 e6 3.g3 d5 4.Bg2 c5 5.Nf3 Nc6 6.cxd5 exd5 7.Nc3 cxd4 8.Nxd4 
Bc5 9.Nb3 Bb4 10.O-O Bxc3 11.bxc3 O-O 12.Bg5 Be6 13.Nd4 Ne5 14.Qb3 Rb8 15.
Bxf6 gxf6 16.Rfd1 f5 17.Qc2 Rc8 18.e4 fxe4 19.Bxe4 Qf6 20.Bxh7+ Kg7 21.Bf5
Nf3+ 22.Nxf3 Bxf5 23.Qa4 Rc4 24.Qxa7 Bg4 25.Nd2 Bxd1 26.Nxc4 dxc4 27.Rxd1 
Qxc3 28.Qxb7 Re8 29.Qd5 Re1+ 30.Kg2 Rxd1 31.Qxd1 Qb2 32.Qg4+ 1-0

[Event "XIV American Continental"]
[Site "Sao Paulo BRA"]
[Date "2019.07.07"]
[Round "3.70"]
[White "Carvalho, Rafael Cunha de"]
[Black "Silva, Rodrigo Ferreira da"]
[Result "1-0"]
[WhiteElo "2096"]
[BlackElo "1803"]
[EventDate "2019.07.05"]
[PlyCount "97"]
[EventRounds "11"]
[EventCountry "BRA"]

1.d4 Nf6 2.c4 e6 3.Nf3 d5 4.Nc3 Be7 5.Bg5 O-O 6.e3 c6 7.Bd3 Nbd7 8.cxd5 
exd5 9.O-O Re8 10.Qc2 Nf8 11.Rab1 h6 12.Bh4 Be6 13.b4 N6d7 14.Bg3 Rc8 15.
Na4 b5 16.Nc5 Nxc5 17.bxc5 a6 18.a4 Nd7 19.Ra1 h5 20.h3 Bf6 21.axb5 axb5 
22.Ra7 Nb8 23.Rfa1 Re7 24.Bd6 Rd7 25.Be5 Bxe5 26.Nxe5 Rxa7 27.Rxa7 Rc7 28.
Ra8 Qc8 29.f4 Qb7 30.Ra1 Nd7 31.f5 Nxe5 32.dxe5 Bc8 33.Qe2 Re7 34.e6 Bxe6 
35.fxe6 Rxe6 36.Qxh5 g6 37.Qg5 Qe7 38.Qh6 Qf8 39.Qxf8+ Kxf8 40.Kf2 Kg7 41.
h4 Kf6 42.Ra7 Ke5 43.Rxf7 d4 44.e4 Re8 45.g4 Ra8 46.h5 gxh5 47.gxh5 Ra2+ 
48.Kg3 b4 49.Rf5+ 1-0

[Event "XIV American Continental"]
[Site "Sao Paulo BRA"]
[Date "2019.07.07"]
[Round "3.71"]
[White "Feller, Gabriela Luisa Vicente"]
[Black "Souza, Rafael Cabral de"]
[Result "0-1"]
[WhiteElo "1710"]
[BlackElo "2094"]
[EventDate "2019.07.05"]
[PlyCount "79"]
[EventRounds "11"]
[EventCountry "BRA"]

1.e4 d6 2.d4 Nf6 3.Nc3 g6 4.Nf3 Bg7 5.h3 O-O 6.Be3 c6 7.Qd2 b5 8.Bd3 Nbd7 
9.Bh6 e5 10.Bxg7 Kxg7 11.O-O Re8 12.dxe5 dxe5 13.a4 b4 14.Ne2 a5 15.Qe3 
Qe7 16.Ng3 Nc5 17.Bc4 Nfd7 18.Ng5 Rf8 19.h4 Ba6 20.Bxa6 Rxa6 21.h5 f6 22.
Nf3 Raa8 23.Kh2 Rae8 24.Rh1 f5 25.exf5 gxf5 26.Qe2 e4 27.Nd4 Qe5 28.Nxc6 
Qc7 29.Nd4 Qe5 30.Rad1 f4 31.Qg4+ Kh8 32.Ngf5 Rg8 33.Qh3 Rg5 34.Kg1 Reg8 
35.Rh2 Nf6 36.Nh6 Rf8 37.Nc6 Qc7 38.Nf7+ Qxf7 39.Nd8 Qxh5 40.Qc8 0-1

[Event "XIV American Continental"]
[Site "Sao Paulo BRA"]
[Date "2019.07.07"]
[Round "3.72"]
[White "Manzi, Luiz Antonio Bardaro"]
[Black "Ferreira, Caio Tulio Moreira"]
[Result "1-0"]
[WhiteElo "2092"]
[BlackElo "1579"]
[EventDate "2019.07.05"]
[PlyCount "81"]
[EventRounds "11"]
[EventCountry "BRA"]

1.Nf3 c5 2.b3 d5 3.Bb2 Nc6 4.e3 Nf6 5.d4 cxd4 6.exd4 Bf5 7.Bd3 Bxd3 8.Qxd3
e6 9.a3 Be7 10.Nbd2 O-O 11.O-O Qc7 12.Rac1 Rfc8 13.Rfe1 Qa5 14.b4 Qb6 15.
Nb3 a5 16.b5 Na7 17.a4 Rc4 18.Ra1 Rac8 19.c3 Bd6 20.Nbd2 R4c7 21.Rac1 Bf4 
22.g3 Bxd2 23.Nxd2 Qd6 24.Qc2 Rd8 25.Qb3 Nc8 26.Ba3 Qd7 27.Nf3 Nb6 28.Ne5 
Qe8 29.Bc5 Nc4 30.b6 Rcc8 31.Nxc4 dxc4 32.Qxc4 Nd7 33.Rcd1 Nxb6 34.Qb5 
Nxa4 35.Qxa5 b6 36.Bxb6 Nxb6 37.Qxb6 Rxc3 38.d5 e5 39.Rxe5 Qd7 40.Rde1 Kf8
41.Qb4+ 1-0

[Event "XIV American Continental"]
[Site "Sao Paulo BRA"]
[Date "2019.07.07"]
[Round "3.73"]
[White "Haraguchi, Matheus Sashaki"]
[Black "Carvalho, Herbert Abreu"]
[Result "0-1"]
[WhiteElo "1555"]
[BlackElo "2089"]
[EventDate "2019.07.05"]
[PlyCount "46"]
[EventRounds "11"]
[EventCountry "BRA"]

1.c4 e5 2.Nc3 Nf6 3.e4 Bc5 4.g3 d6 5.h3 Nc6 6.Bg2 a6 7.Nge2 Nd4 8.O-O Be6 
9.d3 Qd7 10.Kh2 h6 11.f4 exf4 12.Bxf4 c6 13.Na4 Ba7 14.Nac3 Nh7 15.g4 Nf8 
16.Bg3 Ng6 17.Rb1 Nxe2 18.Qxe2 Bd4 19.Qc2 h5 20.gxh5 Rxh5 21.Qe2 Rh6 22.
Qf3 Bxh3 23.Bf2 Bg4+ 0-1

[Event "XIV American Continental"]
[Site "Sao Paulo BRA"]
[Date "2019.07.07"]
[Round "3.75"]
[White "Cortes Orihuela, Javier"]
[Black "Baeta, Marcio Netto"]
[Result "1-0"]
[WhiteElo "2267"]
[BlackElo "1903"]
[EventDate "2019.07.05"]
[PlyCount "59"]
[EventRounds "11"]
[EventCountry "BRA"]

1.d4 Nf6 2.c4 c5 3.d5 b5 4.cxb5 a6 5.bxa6 g6 6.Nc3 Bg7 7.Nf3 O-O 8.e4 d6 
9.h3 Qa5 10.Nd2 Bxa6 11.Bxa6 Qxa6 12.Qe2 Nfd7 13.Nc4 Nb6 14.Nxb6 Qxb6 15.
O-O Nd7 16.a4 Ra5 17.Bg5 Bxc3 18.bxc3 f6 19.Bh6 Rfa8 20.f4 c4+ 21.Kh2 Rxa4
22.Rxa4 Rxa4 23.Qg4 Qd8 24.Qe6+ Kh8 25.Qf7 Qg8 26.Qxe7 Ra7 27.e5 Rb7 28.
exf6 Nc5 29.Bg7+ Qxg7 30.fxg7+ 1-0

[Event "XIV American Continental"]
[Site "Sao Paulo BRA"]
[Date "2019.07.07"]
[Round "3.76"]
[White "Balzano, Ivan"]
[Black "Hirota da Silva, Nilton"]
[Result "1/2-1/2"]
[WhiteElo "2141"]
[BlackElo "1881"]
[EventDate "2019.07.05"]
[PlyCount "65"]
[EventRounds "11"]
[EventCountry "BRA"]

1.e4 c6 2.d4 d6 3.c4 e5 4.Nf3 Nd7 5.Nc3 Ngf6 6.Be2 Be7 7.O-O O-O 8.Qc2 Qc7
9.Rd1 Re8 10.Bg5 Nf8 11.h3 Ng6 12.Rd2 Bd7 13.Re1 Rad8 14.Bf1 h6 15.Be3 Qc8
16.dxe5 Nxe5 17.Nxe5 dxe5 18.Bxa7 Be6 19.Be3 Nh7 20.Red1 Rxd2 21.Rxd2 Ng5 
22.Qd1 Nh7 23.Be2 Nf6 24.Kh1 Qa8 25.a3 Qa5 26.Qc2 Ra8 27.c5 Qa7 28.Nb1 Ba2
29.Nc3 Be6 30.Nb1 Ba2 31.b4 Bxb1 32.Qxb1 Qxa3 33.Bc4 1/2-1/2

[Event "XIV American Continental"]
[Site "Sao Paulo BRA"]
[Date "2019.07.07"]
[Round "3.77"]
[White "Araujo, Sergio Murilo"]
[Black "Crocitti, Daniel"]
[Result "1-0"]
[WhiteElo "2090"]
[BlackElo "1873"]
[EventDate "2019.07.05"]
[PlyCount "51"]
[EventRounds "11"]
[EventCountry "BRA"]

1.d4 Nf6 2.c4 e6 3.Nc3 Bb4 4.e3 O-O 5.Ne2 d5 6.a3 Be7 7.cxd5 exd5 8.g3 c6 
9.Bg2 a5 10.O-O Na6 11.Nf4 Bf5 12.f3 h6 13.e4 dxe4 14.fxe4 Bh7 15.Be3 Kh8 
16.e5 Ne8 17.Qh5 Nec7 18.Rad1 Ne6 19.Nxe6 fxe6 20.Be4 Rxf1+ 21.Rxf1 Bg5 
22.Bxg5 Qxd4+ 23.Rf2 Rf8 24.Bf6 gxf6 25.Qxh6 Rf7 26.Bxh7 1-0

[Event "XIV American Continental"]
[Site "Sao Paulo BRA"]
[Date "2019.07.07"]
[Round "3.78"]
[White "Caceres Vasquez, Sergio"]
[Black "Souza Junior, Helemberg Cubica de"]
[Result "1/2-1/2"]
[WhiteElo "2081"]
[BlackElo "1714"]
[EventDate "2019.07.05"]
[PlyCount "148"]
[EventRounds "11"]
[EventCountry "BRA"]

1.d4 Nf6 2.c4 e6 3.Nc3 Bb4 4.e3 c5 5.Ne2 cxd4 6.exd4 O-O 7.a3 Be7 8.d5 
exd5 9.cxd5 Re8 10.g3 h6 11.Bg2 d6 12.O-O Nbd7 13.Nd4 Ne5 14.h3 Bd7 15.f4 
Nc4 16.b3 Nb6 17.Bb2 Bf8 18.Qd3 Rc8 19.a4 a5 20.Rac1 Rc5 21.Ba3 Rc7 22.
Rce1 Rxe1 23.Rxe1 Be8 24.Ndb5 Bxb5 25.Nxb5 Re7 26.Rc1 Ne8 27.Bf3 g6 28.Kg2
Bg7 29.h4 h5 30.f5 Bh6 31.Rc3 Re3 32.Qc2 Qf6 33.Rxe3 Bxe3 34.Qe4 Qe5 35.
Qxe5 dxe5 36.fxg6 fxg6 37.d6 Nf6 38.Bxb7 Nbd7 39.Kf3 Bb6 40.Bc6 Kf7 41.
Bxd7 Nxd7 42.Ke4 Bf2 43.Kf3 Bc5 44.Bb2 Ke6 45.Bc3 Bb6 46.b4 axb4 47.Bxb4 
Bc5 48.Be1 Bxd6 49.Nxd6 Kxd6 50.a5 Nb8 51.Ke4 Na6 52.Bf2 Ke6 53.Bb6 Kd6 
54.Kf3 Ke6 55.g4 Kd5 56.gxh5 gxh5 57.Ke3 Nb4 58.Bc7 Na6 59.Bd8 Nb4 60.Bb6 
Na6 61.Kd3 Nb8 62.Kc3 Na6 63.Bf2 Nb8 64.Kb4 Kc6 65.Bg3 Nd7 66.Kc4 Nf8 67.
Bxe5 Ng6 68.Bf6 Kb7 69.Kb5 Kc8 70.Kb6 Kb8 71.Kc6 Ka7 72.Kd6 Ka6 73.Bd8 
Nxh4 74.Bxh4 Kxa5 1/2-1/2

[Event "XIV American Continental"]
[Site "Sao Paulo BRA"]
[Date "2019.07.07"]
[Round "3.79"]
[White "Roverso, Leandro"]
[Black "Araujo, Jose Roberto"]
[Result "1/2-1/2"]
[WhiteElo "1932"]
[BlackElo "2079"]
[EventDate "2019.07.05"]
[PlyCount "83"]
[EventRounds "11"]
[EventCountry "BRA"]

1.d4 Nf6 2.Nf3 g6 3.c4 Bg7 4.Nc3 d6 5.e4 O-O 6.Be2 e5 7.d5 a5 8.O-O Na6 9.
Bg5 h6 10.Bh4 g5 11.Bg3 Nh5 12.Nd2 Nf4 13.f3 Nc5 14.Nb3 Nxb3 15.axb3 Bd7 
16.Bf2 b6 17.Kh1 h5 18.g3 Nxe2 19.Qxe2 f5 20.exf5 Bxf5 21.g4 Bg6 22.Be3 
hxg4 23.fxg4 Qe7 24.Rxf8+ Rxf8 25.Rf1 Rxf1+ 26.Qxf1 e4 27.Qf2 Be5 28.Nb5 
Bf4 29.Nd4 Bxe3 30.Qxe3 Qf6 31.Kg2 Qe5 32.Kg1 Qf6 33.Ne6 Qxb2 34.Qxg5 Qb1+
35.Kg2 Qc2+ 36.Kh3 Qc3+ 37.Kg2 Qb2+ 38.Kf1 Qb1+ 39.Kg2 Qc2+ 40.Kf1 Qd1+ 
41.Kf2 Qd2+ 42.Kg3 1/2-1/2

[Event "XIV American Continental"]
[Site "Sao Paulo BRA"]
[Date "2019.07.07"]
[Round "3.80"]
[White "Portes Junior, Dirceu Atanazio"]
[Black "Frattini, Beatriz Maria"]
[Result "1-0"]
[WhiteElo "2019"]
[BlackElo "1858"]
[EventDate "2019.07.05"]
[PlyCount "77"]
[EventRounds "11"]
[EventCountry "BRA"]

1.d4 Nf6 2.c4 g6 3.Nc3 d5 4.Bg5 Ne4 5.Bh4 Nxc3 6.bxc3 dxc4 7.e3 b5 8.a4 c6
9.axb5 Be6 10.bxc6 Nxc6 11.Nf3 Bd5 12.Nd2 f6 13.e4 Bf7 14.d5 Ne5 15.Nxc4 
Nxc4 16.Bxc4 Bh6 17.Bb5+ Kf8 18.Bc6 Rb8 19.O-O Qb6 20.Qa4 Bd2 21.Qxa7 Bxc3
22.Qxb6 Rxb6 23.Ra7 Rb4 24.f3 Bd4+ 25.Bf2 Bxa7 26.Bxa7 Rb2 27.Ra1 Kg7 28.
Bc5 e6 29.Ra7 Rc2 30.Ba3 Rb8 31.h3 Kg8 32.Bd6 Rb1+ 33.Kh2 g5 34.dxe6 Bxe6 
35.Ra8+ Kg7 36.Bf8+ Kg6 37.Ra7 f5 38.Be8+ Kf6 39.Bg7# 1-0

[Event "XIV American Continental"]
[Site "Sao Paulo BRA"]
[Date "2019.07.07"]
[Round "3.81"]
[White "Cordioli, Jairo Ribeiro"]
[Black "Guerreiro, Alexandre Vieira"]
[Result "1/2-1/2"]
[WhiteElo "1871"]
[BlackElo "2016"]
[EventDate "2019.07.05"]
[PlyCount "133"]
[EventRounds "11"]
[EventCountry "BRA"]

1.d4 Nf6 2.c4 e6 3.Nc3 Bb4 4.e3 b6 5.Nf3 Bb7 6.Be2 Ne4 7.Bd2 Bxc3 8.Bxc3 
Nxc3 9.bxc3 Nc6 10.O-O Na5 11.Nd2 Ba6 12.Re1 Rc8 13.c5 Bxe2 14.Qxe2 bxc5 
15.Qb5 Nc6 16.Qxc5 Qe7 17.Ne4 f5 18.Qxe7+ Kxe7 19.Nc5 Rb8 20.Rab1 Rb6 21.
Rxb6 axb6 22.Nb3 Ra8 23.Re2 Na5 24.Nxa5 Rxa5 25.c4 d5 26.cxd5 exd5 27.Rc2 
Kd6 28.Kf1 c5 29.dxc5+ bxc5 30.Ke2 f4 31.Kf3 fxe3 32.fxe3 Ra3 33.Kf2 c4 
34.e4 dxe4 35.Rxc4 Rxa2+ 36.Ke3 Rxg2 37.Rd4+ Ke5 38.Rxe4+ Kf5 39.Rh4 h6 
40.Kf3 Rg1 41.Ra4 Kg5 42.Rb4 Kh5 43.Ra4 g5 44.Kf2 Rb1 45.Kg3 Rb3+ 46.Kg2 
Rc3 47.Rb4 g4 48.Rb2 Kh4 49.Ra2 h5 50.Rb2 Rc5 51.Rb4 Rc1 52.h3 Rc3 53.hxg4
hxg4 54.Rb2 Rg3+ 55.Kh2 Ra3 56.Kg2 Ra4 57.Rb3 Ra2+ 58.Kg1 Rc2 59.Ra3 g3 
60.Ra8 Rc4 61.Kg2 Rc2+ 62.Kg1 Rd2 63.Rh8+ Kg4 64.Rg8+ Kf3 65.Rc8 Ke4 66.
Re8+ Kf5 67.Rf8+ 1/2-1/2

[Event "XIV American Continental"]
[Site "Sao Paulo BRA"]
[Date "2019.07.07"]
[Round "3.82"]
[White "Sanches Casanova, Romario"]
[Black "Cadilhac, Mariana Sawae Kikuchi"]
[Result "1-0"]
[WhiteElo "2014"]
[BlackElo "1639"]
[EventDate "2019.07.05"]
[PlyCount "111"]
[EventRounds "11"]
[EventCountry "BRA"]

1.c4 c6 2.e4 d5 3.cxd5 cxd5 4.exd5 Qxd5 5.Nc3 Qd8 6.d4 Nf6 7.Nf3 g6 8.Bb5+
Bd7 9.Bc4 e6 10.Qe2 Bc6 11.Bg5 Be7 12.O-O O-O 13.Rad1 Re8 14.Rfe1 Nd5 15.
Bxe7 Rxe7 16.Ne5 Nb6 17.Bb3 Bd5 18.Nxd5 Nxd5 19.Ng4 Rd7 20.Qf3 Kg7 21.Ne5 
Rc7 22.Rc1 Nf6 23.Rc3 Na6 24.Qf4 Nh5 25.Qe3 Nb4 26.Ng4 Rd7 27.Qe5+ Kg8 28.
Nh6+ Kf8 29.Qh8+ Ke7 30.Qxh7 Qf8 31.Bxe6 Rxd4 32.Bf5+ Kf6 33.Bg4 Nd3 34.
Rf1 Qg7 35.Qxg7+ Kxg7 36.Nf5+ gxf5 37.Bxh5 Rh8 38.Bf3 Nxb2 39.Bxb7 Nc4 40.
h3 Rb8 41.Ba6 Ne5 42.Re1 Ng6 43.Rc7 Kf6 44.Bc4 Ne5 45.Bb3 a5 46.Rc5 Nd3 
47.Rc6+ Kg7 48.Re7 Kg8 49.Rcc7 a4 50.Bxf7+ Kf8 51.Bg6 f4 52.Rf7+ Kg8 53.
Bh7+ Kh8 54.Bxd3 Rxd3 55.Rxf4 Ra3 56.Ra7 1-0

[Event "XIV American Continental"]
[Site "Sao Paulo BRA"]
[Date "2019.07.07"]
[Round "3.83"]
[White "Soares, Renan Barbosa Monteiro"]
[Black "Leite, Tarcisio Dantas Frota"]
[Result "0-1"]
[WhiteElo "1985"]
[BlackElo "1571"]
[EventDate "2019.07.05"]
[PlyCount "68"]
[EventRounds "11"]
[EventCountry "BRA"]

1.d4 Nf6 2.c4 e6 3.Nf3 d5 4.Nc3 Be7 5.Bg5 Nbd7 6.e3 c5 7.dxc5 dxc4 8.c6 
Nb6 9.Qxd8+ Bxd8 10.Nb5 bxc6 11.Nd6+ Ke7 12.Nxc4 Bb7 13.Na5 Rb8 14.Bf4 
Nbd5 15.Nxb7 Rxb7 16.Be5 Ba5+ 17.Kd1 Rd8 18.Kc1 Ne4 19.Bg3 c5 20.Bc4 Nb4 
21.Rd1 Rdd7 22.Rxd7+ Rxd7 23.Ne5 Rd6 24.a3 Nd5 25.Kc2 Nxg3 26.hxg3 f6 27.
Nd3 Rc6 28.Rd1 Nc7 29.Rh1 h6 30.Rd1 e5 31.f3 Ne6 32.Bd5 Rc7 33.g4 c4 34.
Be4 cxd3+ 0-1

[Event "XIV American Continental"]
[Site "Sao Paulo BRA"]
[Date "2019.07.07"]
[Round "3.84"]
[White "Andrade, Guilherme Alves de Souza"]
[Black "Silva, Kaua Marques"]
[Result "0-1"]
[WhiteElo "1867"]
[BlackElo "1965"]
[EventDate "2019.07.05"]
[PlyCount "124"]
[EventRounds "11"]
[EventCountry "BRA"]

1.d4 Nf6 2.Bf4 e6 3.e3 Be7 4.Nd2 b6 5.h3 Bb7 6.Ngf3 O-O 7.Bd3 c5 8.c3 d6 
9.O-O Nbd7 10.a4 Re8 11.Re1 Bf8 12.Nc4 Qc7 13.Bh2 Rad8 14.Qb3 Ne4 15.Ncd2 
Ndf6 16.Qc2 Nxd2 17.Nxd2 e5 18.dxc5 bxc5 19.e4 Nh5 20.Nc4 Nf4 21.Ne3 Qe7 
22.Bb5 Qg5 23.Bxe8 Rxe8 24.Bxf4 exf4 25.Nd5 f3 26.g3 c4 27.Qc1 Qh5 28.Qf4 
f5 29.Rad1 Re5 30.Kh2 fxe4 31.Ne3 d5 32.g4 Qe8 33.Nf5 g6 34.Nh6+ Kg7 35.g5
Re6 36.Qc7+ Qe7 37.Qxe7+ Bxe7 38.h4 Rb6 39.Rd2 Bd6+ 40.Kg1 Bf4 41.Rc2 Bc6 
42.Ra1 Bd7 43.a5 Rb5 44.Ra4 a6 45.Kf1 Bh3+ 46.Ke1 e3 47.b4 Rb8 48.Raa2 e2 
49.Rd2 Be5 50.Rdc2 Be6 51.Rab2 Bd7 52.Rb1 Rf8 53.Kd2 Rf4 54.Rh1 Re4 55.Ke1
Bd6 56.Rd2 d4 57.Rg1 Bf4 58.Rc2 Bd6 59.Rh1 Ba4 60.Rd2 Bf4 61.Ra2 dxc3 62.
Rg1 Rd4 0-1

[Event "XIV American Continental"]
[Site "Sao Paulo BRA"]
[Date "2019.07.07"]
[Round "3.85"]
[White "Brito, Vicente de Paulo Alencar"]
[Black "Caldas, Raphael C B R Leitao"]
[Result "1-0"]
[WhiteElo "1948"]
[BlackElo "1421"]
[EventDate "2019.07.05"]
[PlyCount "91"]
[EventRounds "11"]
[EventCountry "BRA"]

1.e4 e6 2.d4 d5 3.e5 c5 4.c3 Nc6 5.Nf3 Qb6 6.a3 Nh6 7.Bd3 Bd7 8.dxc5 Bxc5 
9.O-O a5 10.h3 Nf5 11.Bxf5 exf5 12.b3 O-O 13.Bb2 Be6 14.b4 Rfd8 15.Qe2 Be7
16.b5 Nb8 17.a4 Nd7 18.Nbd2 Rac8 19.Nd4 Nc5 20.Kh1 Ne4 21.Nxe4 dxe4 22.f4 
Bc4 23.Qe3 Bxf1 24.Rxf1 Bc5 25.g4 Bxd4 26.cxd4 fxg4 27.f5 Rc2 28.f6 Rxb2 
29.Qg5 Kf8 30.e6 Qxe6 31.fxg7+ Kg8 32.Qxd8+ Kxg7 33.Qg5+ Qg6 34.Qe5+ Kf8 
35.Rc1 f6 36.Qe6 Kg7 37.Qe7+ Kh6 38.Rf1 Kh5 39.hxg4+ Kxg4 40.Rg1+ Kh3 41.
Rxg6 hxg6 42.Qh7+ Kg3 43.Qxg6+ Kf3 44.Qxf6+ Kg3 45.Qe5+ Kf3 46.d5 1-0

[Event "XIV American Continental"]
[Site "Sao Paulo BRA"]
[Date "2019.07.07"]
[Round "3.86"]
[White "Andreata, Mauro Antonio"]
[Black "Moccero, Eduardo"]
[Result "1/2-1/2"]
[WhiteElo "1648"]
[BlackElo "1933"]
[EventDate "2019.07.05"]
[PlyCount "59"]
[EventRounds "11"]
[EventCountry "BRA"]

1.d4 d5 2.c4 e6 3.Nf3 c5 4.Nc3 Nc6 5.e3 Nf6 6.Bd3 cxd4 7.exd4 Be7 8.O-O 
O-O 9.a3 b6 10.Bg5 h6 11.Bh4 Ba6 12.cxd5 Bxd3 13.Qxd3 Nxd5 14.Bxe7 Ncxe7 
15.Rac1 Nf5 16.Nxd5 Qxd5 17.Rc7 Rfd8 18.Rd1 Qd6 19.Qc4 Rd7 20.Rxd7 Qxd7 
21.Ne5 Qd6 22.h3 Rd8 23.Nf3 Rd7 24.g4 Rc7 25.Qa4 Qf4 26.Kg2 Nd6 27.Qb3 Qe4
28.d5 exd5 29.Rxd5 Qc4 30.Qd1 1/2-1/2

[Event "XIV American Continental"]
[Site "Sao Paulo BRA"]
[Date "2019.07.07"]
[Round "3.87"]
[White "Cabral Mesquita, Jussier"]
[Black "Barreto, Ignacio C. De Barros"]
[Result "0-1"]
[WhiteElo "1728"]
[BlackElo "2101"]
[EventDate "2019.07.05"]
[PlyCount "110"]
[EventRounds "11"]
[EventCountry "BRA"]

1.d4 Nf6 2.c3 d6 3.Bg5 Nbd7 4.Nd2 h6 5.Bh4 e5 6.e3 Be7 7.Bc4 O-O 8.Ne2 b6 
9.O-O Bb7 10.h3 c5 11.Bb3 Rc8 12.Rc1 b5 13.a3 c4 14.Bc2 Re8 15.Bg3 Bf8 16.
Bh4 Qb6 17.Bf5 Rc7 18.Bg3 g6 19.Bc2 Nh5 20.Bh2 Bg7 21.Ng3 Nhf6 22.Re1 Nd5 
23.Qg4 Qc6 24.Ne2 N5f6 25.Qg3 Nh5 26.Qf3 Qxf3 27.Nxf3 Bxf3 28.gxf3 f5 29.
Rcd1 Nhf6 30.Kh1 Kf7 31.Rd2 Rb7 32.Red1 Bf8 33.dxe5 dxe5 34.f4 e4 35.Nd4 
Rb6 36.Kg2 Nc5 37.Bg1 Nd3 38.Rb1 Bc5 39.b4 Bxd4 40.exd4 Nxf4+ 41.Kh2 N6d5 
42.a4 a6 43.axb5 axb5 44.Ra1 Nxc3 45.Ra7+ Re7 46.Ra8 Ncd5 47.Kg3 Nd3 48.
Bxd3 exd3 49.f4 Nxb4 50.d5 Ra6 51.Rc8 Ra2 52.Rd1 Nxd5 53.Bc5 Nc3 54.Rf1 
Ne4+ 55.Kh4 g5+ 0-1

[Event "XIV American Continental"]
[Site "Sao Paulo BRA"]
[Date "2019.07.07"]
[Round "3.88"]
[White "Itagyba, Renan Fortes"]
[Black "Ikejiri, Daniel Yoshito"]
[Result "0-1"]
[WhiteElo "1719"]
[BlackElo "2004"]
[EventDate "2019.07.05"]
[PlyCount "80"]
[EventRounds "11"]
[EventCountry "BRA"]

1.e4 e6 2.d3 d5 3.Nd2 Nf6 4.Ngf3 c5 5.g3 Nc6 6.Bg2 Be7 7.O-O b6 8.e5 Nd7 
9.Re1 Bb7 10.Nf1 Qc7 11.Qe2 h6 12.c3 O-O-O 13.d4 g5 14.dxc5 bxc5 15.h3 
Rdg8 16.N1h2 Kb8 17.Bd2 h5 18.g4 hxg4 19.Nxg4 Qb6 20.Rab1 Ba6 21.Qe3 Bb7 
22.Qe2 Ba6 23.Qe3 d4 24.Qe4 Bb7 25.cxd4 cxd4 26.Nxd4 Nxd4 27.Qd3 Bxg2 28.
Kxg2 Qb7+ 29.f3 Nf5 30.Rec1 Nb6 31.Ba5 Rd8 32.Qb3 Qa6 33.Bxb6 Qxb6 34.Qc2 
Rc8 35.Qe2 Rhd8 36.Rxc8+ Rxc8 37.Rd1 Nd4 38.Qe4 Nf5 39.b3 Qc6 40.Qe1 Nh4+ 
0-1

[Event "XIV American Continental"]
[Site "Sao Paulo BRA"]
[Date "2019.07.07"]
[Round "3.89"]
[White "Melo, Luiz Claudio Parijos de"]
[Black "Cella, Glaucio Dalla Cortt"]
[Result "0-1"]
[WhiteElo "1695"]
[BlackElo "1962"]
[EventDate "2019.07.05"]
[PlyCount "68"]
[EventRounds "11"]
[EventCountry "BRA"]

1.e4 c5 2.c3 d6 3.d4 cxd4 4.cxd4 Nf6 5.Nc3 g6 6.Nf3 Bg7 7.h3 O-O 8.Bc4 
Nxe4 9.Nxe4 d5 10.Bxd5 Qxd5 11.Nc3 Qc4 12.Qe2 Qxe2+ 13.Kxe2 b6 14.Nd5 Nc6 
15.Be3 Be6 16.Nf4 Bc4+ 17.Kd2 e5 18.dxe5 Nxe5 19.Nxe5 Bxe5 20.Kc2 Rac8 21.
a3 Rfd8 22.Kb1 g5 23.Nh5 Bd3+ 24.Ka2 Rc2 25.Bc1 Rxf2 26.Re1 f6 27.Kb3 Bg6 
28.g4 Bf7+ 29.Kb4 Rd4+ 30.Kb5 Bc4+ 31.Kc6 Ba6 32.Re3 Rd6+ 33.Kc7 Rc2+ 34.
Kb8 Rd7+ 0-1

[Event "XIV American Continental"]
[Site "Sao Paulo BRA"]
[Date "2019.07.07"]
[Round "3.90"]
[White "Carvalho Junior, Celestino"]
[Black "Azevedo, Eduardo Jose Estevao de"]
[Result "1-0"]
[WhiteElo "1954"]
[BlackElo "1738"]
[EventDate "2019.07.05"]
[PlyCount "103"]
[EventRounds "11"]
[EventCountry "BRA"]

1.Nf3 e6 2.e4 d5 3.exd5 exd5 4.d4 Bd6 5.c4 Nf6 6.c5 Be7 7.Bd3 h6 8.O-O O-O
9.Ne5 Nc6 10.Nxc6 bxc6 11.Nc3 Be6 12.Bf4 Qd7 13.Rc1 Rfc8 14.Re1 Bf8 15.Qc2
Nh5 16.Ne2 Re8 17.Bd2 g5 18.f4 f6 19.f5 Bf7 20.g4 Ng7 21.Rf1 h5 22.h3 h4 
23.Rf3 Re7 24.Rcf1 Ree8 25.Nc1 Red8 26.Nb3 Kh8 27.Na5 Rab8 28.Ba6 Re8 29.
b4 Re4 30.Qd3 Kg8 31.Bb7 Rxb7 32.Nxb7 Qe8 33.Na5 Kh8 34.Re3 Qd7 35.a3 Kg8 
36.Rff3 a6 37.Rf1 Kh8 38.Nb3 Qc8 39.Bc3 Kg8 40.Nd2 Rxe3 41.Qxe3 Qb7 42.a4 
Qc8 43.Qe2 Be8 44.Rf3 Nh5 45.Qf2 Nf4 46.Nb3 Bd7 47.Bd2 Bxf5 48.gxf5 Qxf5 
49.Bxf4 gxf4 50.Qxh4 Qb1+ 51.Kh2 Qc2+ 52.Qf2 1-0